000 00549nam a2200241 a 4500
001 nice12345678
003 IN_TiNIC
005 20260116012316.0
008 050524s1985 dela grp 000 0 eng
020 _a
_c100
082 0 0 _a275.4
_bTHO1
100 _aThomas, M M
245 _aChurch and Human Community
260 _aDelhi
_bISPCK
_c1985
300 _a52p
500 _aincludes index and biblioraphy
505 2 _aIndex
650 _aChurch-India
700 1 _aThomas, M M
902 _bSRS
942 _cBK
999 _c6490
_d6490